Statistiques concernant Connais-tu bien le chatouni ?

Cliquez ici pour prendre le quiz!

Statistiques générales

  • Ce quiz a été pris 7 fois
  • Le résultat moyen est 6 sur 15

Statistiques - réponses

HintRéponse% Correct
Age où j'ai eu mes règles13
83%
Nombre d'enfants voulus3
83%
Couleur préféréerose
83%
Date de naissance24/11/2005
50%
Nom de mon chienAyko
33%
Métier de rêvechargée de production
33%
Lieu de naissancehaguenau
33%
Prénom que j'aurai dû avoirJanelle
33%
Film préféréles noces funèbres
33%
Repas préférépates carbo
33%
Nom de mes parentsSophie et Claude
33%
Chanteur préférébruno mars
17%
Musique préféréegolden hour
17%
Nom de mon doudoule chef
17%
Meilleur cadeau que tu m'as faisMassel
17%

Distribution des résultats

Percentile par nombre de réponses

% des personnes avec chaque résultat

Votre développement - résultats

Vous n’avez pas pris ce quiz